| 000 | 00759cam a2200241 4500500 | ||
|---|---|---|---|
| 005 | 20260405004101.0 | ||
| 041 | _afre | ||
| 042 | _adc | ||
| 100 | 1 | 0 |
_aEnjalbert, Cédric _eauthor |
| 245 | 0 | 0 | _aAnnie Le Brun : "Nous vivons au milieu d’une prison d’images" |
| 260 | _c2022. | ||
| 500 | _a54 | ||
| 690 | _aAnonymat | ||
| 690 | _aBeau | ||
| 690 | _aEsthétique | ||
| 690 | _aExposition | ||
| 690 | _aImages | ||
| 690 | _aImagination | ||
| 690 | _aMarchandise | ||
| 690 | _aWalter Benjamin | ||
| 786 | 0 | _nPhilosophie magazine - Hors séries | Hors-série Hiver-Pritemps 2022 | HS52 | 2022-01-01 | p. 35-37 | 2104-9246 | |
| 856 | 4 | 1 | _uhttps://shs.cairn.info/magazine-philosophie-magazine-2022-hs52-page-35?lang=fr&redirect-ssocas=7080 |
| 999 |
_c2073552 _d2073552 |
||